روہيلکھنڈ کی سيا سی ثقا فتی اور ادبی تا ريخ (Record no. 1557)

MARC details
000 -LEADER
fixed length control field 01137 a2200241 4500
005 - DATE AND TIME OF LATEST TRANSACTION
control field 20080812154154.0
008 - FIXED-LENGTH DATA ELEMENTS--GENERAL INFORMATION
fixed length control field 080812t xxu||||| |||| 00| 0 ur d
010 ## - LCCN (DPL NO)
LC control number UR-7276
020 ## - INTERNATIONAL STANDARD BOOK NUMBER
Terms of availability 150.00
International Standard Book Number 8187666056
035 ## - SYSTEM CONTROL NUMBER
System control number U-5831
037 ## - SOURCE OF ACQUISITION
Source of stock number/acquisition D.B.Act/pub
082 ## - DEWEY DECIMAL CLASSIFICATION NUMBER
Classification number 954.13
100 ## - MAIN ENTRY--PERSONAL NAME
Personal name رضاء الر حمن
245 ## - TITLE STATEMENT
Title روہيلکھنڈ کی سيا سی ثقا فتی اور ادبی تا ريخ
246 ## - VARYING FORM OF TITLE
Title proper/short title Rohel khand ki siyasi saqafati aur adabi tareekh
Remainder of title by Raza-ur-Rehman Akif
260 ## - PUBLICATION, DISTRIBUTION, ETC. (IMPRINT)
Place of publication, distribution, etc دھلی
Name of publisher, distributor, etc کتا بی دنيا
Date of publication, distribution, etc 2007
270 ## - ADDRESS
Address 1955،گلی نواب مرزا ،محلہ قبر ستان ،اينگلو عر بک اسکول کے سامنے ترکمان گيٹ
City دھلی
Postal code 11006
Telephone number 011-23288452
Electronic mail address kitabidunia;@rediffmail.com
300 ## - PHYSICAL DESCRIPTION
Extent 140 ص
Dimensions 22سينٹی ميٹر
650 ## - SUBJECT ADDED ENTRY--TOPICAL TERM
Topical term or geographic name as entry element تا ريخ
700 ## - ADDED ENTRY--PERSONAL NAME
Personal name محمد محبوب خان افسر عثمانی
942 ## - ADDED ENTRY ELEMENTS (KOHA)
Institution code [OBSOLETE] dpl
Item type Urdu Bks
Call number prefix 954.13 / رضا
Source of classification or shelving scheme Dewey Decimal Classification
Classification part 954.13
Call number suffix رضا
Holdings
Withdrawn status Lost status Source of classification or shelving scheme Damaged status Not for loan Home library Current library Date acquired Cost, normal purchase price Total Checkouts Full call number Barcode Date last seen Cost, replacement price Koha item type
    Dewey Decimal Classification   Not For Loan D.B.Act.Division D.B.Act.Division 12/08/2008 150.00   954.13 رضا U-5831 15/09/2008 150.00 Urdu Bks

© Delhi Public Library
Hit Counter
free hit counter